Pie Quiz Stats

Quiz Updated Mar 14, 2015

Also try: Digits of Pi
Challenge
Share
Tweet
Score 0/16 Timer 05:00
1 Play Today
% Correct
Cherry Pie
92.5%
Pecan Pie
91.5%
Pumpkin Pie
89.8%
Apple Pie
89.6%
Key Lime Pie
88.9%
Peach Pie
85.2%
Lemon Meringue Pie
74.8%
Banana Cream Pie
73.5%
% Correct
Shepherds Pie
64%
Chicken Pot Pie
62.8%
Strawberry Rhubarb Pie
59.3%
Boston Cream Pie
55.6%
Quiche
54.2%
Coconut Cream Pie
48.7%
French Silk Pie
31%
Mud Pie
23.7%

You're not logged in!

Compare scores with friends on all Sporcle quizzes.
Join for Free
OR
Log In

You Might Also Like...

Show Comments

Extras

Top Quizzes Today


Score Distribution

Your Account Isn't Verified!

In order to create a playlist on Sporcle, you need to verify the email address you used during registration. Go to your Sporcle Settings to finish the process.

Report this User

Report this user for behavior that violates our Community Guidelines.

Details: